000 01011cam a2200301 i 4500
001 18995
003 CO-MdBIC
005 20231123091355.0
008 231123t1987 ||g |||| 00| 0 eng d
020 _a0-19-822941-0
040 _beng.
_aCO-MdFUSB
_cCO-MdFUSB
_dCO-MdFUSBC
_erda
041 _aeng
082 0 4 _aG 230.2092 R12r
100 1 _aRaedts, Peter
245 1 0 _aRichard Rufus of Cornwall and the tradition of Oxford theology / Peter Raedts
_c/
264 1 _aOxford, England:
_bThe Clarendon Press,
_c[1987]
264 4 _c©1987
300 _axiii, 272 páginas
_c;
336 _atexto
_btxt
_2rdacontent
337 _2rdamedia
_asin mediación
_bn
338 _2rdacarrier
_avolumen
_bnc
501 _aPasta dura
505 0 0 _aLas obras de Richard Rufus of Cornwall - Richard Rufus of Cornwall y Robert Grosseteste: Un estudio sobre la perspectiva y la tradición teológica
650 1 4 _aTeología - Biografías
653 _aTeología - Biografías
942 _cBK
945 _aDiego1276
999 _c45375
_d45375